000 00685nam a22002057a 4500
005 2010080908068.0
010 _aENG-99006
020 _a9788184651126
_c150.00
035 _aEN-82538
037 _bDBAD/PUB
082 _a180.49
100 _aSardana, Tarun
_99423
245 _aDissolved /
_cby Tarun Sardana
260 _aDelhi
_bVishal Kaushik Printers
_c2009
270 _aVishal Kaushik Printers
_bDelhi
_e110093
300 _axi, 96p.
_c21cm (pbk)
500 _aIncludes glossary
942 _2ddc
_cEN
_h181.49
_mSAR
999 _c40378
_d40378